[Event "Moscow RGGU-ch 10th"]
[Site "Moscow"]
[Date "2021.03.20"]
[Round "1"]
[White "Beryoza, Ivan"]
[Black "Rudyak, Mikhail"]
[Result "1-0"]
[WhiteElo "1887"]
[BlackElo "1496"]
[PlyCount "65"]
[EventDate "2021.03.20"]
[EventType "swiss"]
[EventRounds "7"]
[EventCountry "RUS"]
[SourceTitle "EXT 2022"]
[Source "ChessBase"]
[SourceDate "2021.10.06"]
[SourceVersion "1"]
[SourceVersionDate "2021.10.06"]
[SourceQuality "1"]

1. d4 d5 2. Nf3 e6 3. Bf4 Nf6 4. e3 Nbd7 5. Ne5 Be7 6. Nd2 0-0 7. Bd3 c5 8. c3 c4 9. Bc2 h6 10. e4 Nh7 11. Ndf3 Ndf6 12. Qe2 Nh5 13. Bd2 Bg5 14. Nxg5 Nxg5 15. Qxh5 dxe4 16. Bxg5 hxg5 17. Bxe4 f5 18. Bc2 Qf6 19. h4 g4 20. Qg5 b5 21. 0-0-0 Qh6 22. Qxh6 gxh6 23. f3 g3 24. f4 Kh7 25. h5 Bb7 26. Rdg1 a5 27. Rh3 Rg8 28. Ng6 b4 29. Rxg3 bxc3 30. Rxc3 Bd5 31. Ne7 Rxg2 32. Rxg2 Bxg2 33. Rxc4 1-0